00167 a2200073 4500100002400000245002200024250001200046260003500058 aAndrew S. Tanenbaum aComputer Networks a3rd Ed. aPrentice HallbNew Delhic1999